| 000 | 01571cam a2200277 4500 | ||
|---|---|---|---|
| 001 | ##L134396 | ||
| 008 | 060802n2006 000 0 eng u | ||
| 020 |
_a97818553289934 _a1853289930 |
||
| 035 | _a(Sirsi) u134396 | ||
| 041 | 0 | _aeng | |
| 050 | 0 | 4 | _a346.4104343 $2 18 |
| 100 | 1 | _aHaley, Michael | |
| 245 | 0 | 0 |
_aRenewal of business tenancies _ba practical guide |
| 260 |
_aLondon _bLaw Society _c2006 |
||
| 300 |
_axxix, 320p _c24cm. |
||
| 350 | _a59.95 | ||
| 505 | 0 | _aPast and present -- Statutory scheme -- Scope of the Act -- Landlord's s25 notice -- Tenant's rights: requesting a new tenancy and compensation -- Applications to court -- Interim rent - Discretionary grounds of opposition -- Mandatory grounds of opposition -- New lease. | |
| 520 | _aProvides a thorough guide through the intricacies and pitfalls of the procedure for renewing business tenancies following the amendment of the Landlord and Tenant Act 1954 Part II by the Regulatory Reform (Business Tenancies) (England and Wales) Order 2003. Covers the rights of the parties involved, legislation and cases, prescribed forms and notices and Part II of the Act. The law is stated as at 1 June 2006. | ||
| 590 | _aIKA010806 | ||
| 650 | 2 | 4 | _aLANDLORD AND TENANT ACT 1954 PART II |
| 650 | 2 | 4 | _aLANDLORD AND TENANT ACT 1927 S23 |
| 650 | 2 | 4 | _aREGULATORY REFORM (BUSINESS TENANCIES) (ENGLAND AND WALES) ORDER 2003 |
| 651 | 4 |
_aEngland and Wales _y1543- |
|
| 690 | _aPROPERTY-COMMERCIAL PROPERTY-LEASEHOLD COMMERCIAL PROPERTY-COMMERCIAL LANDLORD AND TENANT-BUSINESS TENANCIES | ||
| 942 | _n0 | ||
| 999 |
_c105659 _d105659 |
||